قصصُ الانبيآ (Record no. 608221)

000 -LEADER
fixed length control field 00595nam a2200193 a 4500
003 - CONTROL NUMBER IDENTIFIER
control field OSt
005 - DATE AND TIME OF LATEST TRANSACTION
control field 20240226145306.0
008 - FIXED-LENGTH DATA ELEMENTS--GENERAL INFORMATION
fixed length control field 180227t2000 pk | |||| 00| 0 urd d
040 ## - CATALOGING SOURCE
Transcribing agency 0
082 ## - DEWEY DECIMAL CLASSIFICATION NUMBER
Classification number 297.63
Author Mark SAF 2000
100 1# - MAIN ENTRY--PERSONAL NAME
Personal name صفدرحسين
9 (RLIN) 121236
245 10 - TITLE STATEMENT
Title قصصُ الانبيآ
Statement of responsibility, etc. Safdar Hussain
246 ## - VARYING FORM OF TITLE
Title proper/short title Qasas Ul Ambiya
260 ## - PUBLICATION, DISTRIBUTION, ETC.
Place of publication, distribution, etc. Lahore:
Name of publisher, distributor, etc. Alhamd Pub;
Date of publication, distribution, etc. 2000.
300 ## - PHYSICAL DESCRIPTION
Extent 548 p.
650 ## - SUBJECT ADDED ENTRY--TOPICAL TERM
Topical term or geographic name entry element Muhammad
Chronological subdivision Peghamber-e-Islam
9 (RLIN) 121336
942 ## - ADDED ENTRY ELEMENTS (KOHA)
Source of classification or shelving scheme
Koha item type Book
Institution code [OBSOLETE] SADA
Call number prefix 297.63 SAF 2000
Holdings
Withdrawn status Lost status Source of classification or shelving scheme Damaged status Not for loan Permanent Location Current Location Date acquired Source of acquisition Total Checkouts Full call number Barcode Date last seen Cost, replacement price Price effective from Koha item type
          School of Art Design and Architecture (SADA) School of Art Design and Architecture (SADA) 02/13/2018 Donation   297.63 SAF 2000 SADAD0000301 02/26/2024 350.00 02/26/2024 Book
© 2023 Central Library, National University of Sciences and Technology. All Rights Reserved.